000 00814nam a2200301Ia 4500
008 160803s9999 xx 000 0 und d
020 _a978-0061148811
100 _aApplegate, Katherine
245 _aNever glue your friends to chairs /
245 _cKatherine Applegate ; illustrated by Brian Biggs.
260 _aNew York :
260 _bScholastic Inc.
260 _c2008
300 _a79 pages :
300 _billustrations ;
300 _c22 cm.
440 _aRoscoe Riley Rules.
440 _vBk. 1
650 _aHelpfulness --
650 _aHelping behavior --
650 _aHigh interest-low vocabulary books.
650 _aHumorous stories.
650 _aSchools --
650 _xFiction.
650 _xJuvenile fiction.
650 _xJuvenile fiction.
700 _a380
999 _c298102
_d298102